• AIU
  • Tony Wilmot Memorial Library

The Nandi of Kenya : (Record no. 33203)

MARC details
000 -LEADER
fixed length control field 00682nam a22002171a 4500
003 - CONTROL NUMBER IDENTIFIER
control field NEGST
005 - DATE AND TIME OF LATEST TRANSACTION
control field 20141101020004.0
008 - FIXED-LENGTH DATA ELEMENTS--GENERAL INFORMATION
fixed length control field 030612s1979 001 0 eng d
100 1# - MAIN ENTRY--PERSONAL NAME
Personal name Langley, Myrtle S.
245 14 - TITLE STATEMENT
Title The Nandi of Kenya :
Remainder of title life crisis rituals in a period of change /
Statement of responsibility, etc Myrtle S. Langley.
Medium [Text]
260 ## - PUBLICATION, DISTRIBUTION, ETC. (IMPRINT)
Place of publication, distribution, etc London
Name of publisher, distributor, etc C. Hurst
Date of publication, distribution, etc c1979
300 ## - PHYSICAL DESCRIPTION
Extent xi, 154p : maps, ill.
500 ## - GENERAL NOTE
General note Includes bibliography and index.
590 ## - LOCAL NOTE (RLIN)
Local note Accession number: 19120
650 #0 - SUBJECT ADDED ENTRY--TOPICAL TERM
Topical term or geographic name as entry element Nandi (African people)
General subdivision Kenya.
650 #0 - SUBJECT ADDED ENTRY--TOPICAL TERM
Topical term or geographic name as entry element Initiation rites
General subdivision Kenya.
650 #0 - SUBJECT ADDED ENTRY--TOPICAL TERM
Topical term or geographic name as entry element Marriage customs and rites
General subdivision Kenya.
650 #0 - SUBJECT ADDED ENTRY--TOPICAL TERM
Topical term or geographic name as entry element Divorce
General subdivision Kenya.
942 00 - ADDED ENTRY ELEMENTS (KOHA)
Koha issues (borrowed), all copies 1
Holdings
Withdrawn status Lost status Source of classification or shelving scheme Damaged status Not for loan Collection code Home library Current library Shelving location Date acquired Source of acquisition Cost, normal purchase price Total Checkouts Total Renewals Full call number Barcode Date last seen Date checked out Copy number Price effective from Koha item type
    Library of Congress Classification     General Circulation AIU/NEGST - Tony Wilmot Memorial Library AIU/NEGST - Tony Wilmot Memorial Library General Stacks 10/22/2009 Donation 11.50 8 2 DT 433.545.N34L36 1979 R06184X3232 04/17/2026 07/12/2022 1 10/22/2009 Africana collection (General)